000 01674nam a2200409Ia 4500
001 ebr10252481
003 CaPaEBR
006 m u
007 cr cn|||||||||
008 080418s2008 dcua sb 000 0 eng d
010 _z 2008017699
020 _z9780821375792
020 _z9780821375808
040 _aCaPaEBR
_cCaPaEBR
035 _a(OCoLC)276892388
050 1 4 _aJF511
_b.P363 2008eb
082 0 4 _a328.309172/4
_222
245 0 0 _aParliaments as peacebuilders in conflict-affected countries
_h[electronic resource] /
_cedited by Mitchell O'Brien, Rick Stapenhurst, Niall Johnston.
260 _aWashington, D.C. :
_bWorld Bank,
_cc2008.
300 _axvi, 237 p. :
_bill.
490 1 _aWBI learning resource series
504 _aIncludes bibliographical references.
533 _aElectronic reproduction.
_bPalo Alto, Calif. :
_cebrary,
_d2009.
_nAvailable via World Wide Web.
_nAccess may be limited to ebrary affiliated libraries.
650 0 _aLegislative bodies
_zDeveloping countries.
650 0 _aResource allocation
_zDeveloping countries.
650 0 _aConflict management
_zDeveloping countries.
650 0 _aConsensus (Social sciences)
_zDeveloping countries.
651 0 _aDeveloping countries
_xEconomic policy.
651 0 _aDeveloping countries
_xEconomic conditions.
655 7 _aElectronic books.
_2local
700 1 _aO'Brien, Mitchell.
700 1 _aStapenhurst, Rick.
700 1 _aJohnston, Niall,
_d1961-
710 2 _aebrary, Inc.
830 0 _aWBI learning resources series.
856 4 0 _uhttp://site.ebrary.com/lib/rucke/Doc?id=10252481
_zAn electronic book accessible through the World Wide Web; click to view
999 _c13675
_d13675